| 000 | 00725nam a2200253Ia 4500 | ||
|---|---|---|---|
| 001 | Para_6031 | ||
| 003 | CHAP | ||
| 008 | 220125s1983 xx 000 0 und d | ||
| 010 | _a204786 | ||
| 040 | _cCHAP | ||
| 082 | _aPA 581.2 P53 | ||
| 100 |
_aPlumb, R.T. _989313 |
||
| 245 |
_aPlant virus epidemiology : _b spread and control of insect-borne viruses / _c by R.T. Plumb and J.M. Thresh |
||
| 260 |
_aOxford : _b Blackewell scientific publications |
||
| 650 |
_aFitopatología _941161 |
||
| 700 |
_aThresh, J.M. _9112996 |
||
| 901 | _aPA 581.2 P53 | ||
| 902 | _aA | ||
| 905 | _a0000001983 0000000000 00 | ||
| 910 | _a1983 | ||
| 942 | _cPARA | ||
| 942 |
_cPARA _d1 |
||
| 999 |
_c204786 _d204786 |
||